[Event "USCL Tennessee vs Baltimore"]
[Site "Internet Chess Club"]
[Date "2008.10.29"]
[Round "10"]
[White "Bick, John"]
[Black "Zimmer, Ralph"]
[Result "1-0"]
[WhiteElo "2249"]
[BlackElo "2328"]
[PlyCount "73"]
[EventDate "2008.??.??"]

1. d4 Nf6 2. c4 c5 3. d5 b5 4. Nf3 Bb7 5. a4 b4 6. Nfd2 g6 7. e4 d6 8. Bd3 Bg7
9. h3 O-O 10. O-O Nbd7 11. Re1 e6 12. Nf1 exd5 13. exd5 a5 14. Bg5 Qc7 15. Nbd2
Rae8 16. Rxe8 Rxe8 17. b3 h6 18. Be3 Ba6 19. Bc2 Nf8 20. Ra2 Bc8 21. g4 N8h7
22. f4 Qe7 23. Qf3 Kh8 24. Bf2 Ng8 25. Ng3 Qf8 26. Bd3 f5 27. gxf5 gxf5 28.
Ndf1 Re7 29. Ne3 Rf7 30. Ng2 Ne7 31. Nh4 Bc3 32. Re2 Rg7 33. Kh2 Bd7 34. Rxe7
Rxe7 35. Ng6+ Kg7 36. Nxf8 Nxf8 37. Nxf5+ 1-0

[Event "USCL Carolina vs Philadelphia"]
[Site "Internet Chess Club"]
[Date "2008.10.29"]
[Round "10"]
[White "Shahade, Michael"]
[Black "Jones, Craig"]
[Result "0-1"]
[WhiteElo "2242"]
[BlackElo "2320"]
[PlyCount "108"]
[EventDate "2008.??.??"]

1. c4 e5 2. Nc3 Nf6 3. Nf3 Nc6 4. a3 g6 5. g3 Bg7 6. Bg2 O-O 7. O-O d6 8. d3 h6
9. Rb1 Be6 10. b4 Qd7 11. Re1 Bh3 12. Bh1 Ng4 13. b5 Ne7 14. Bb2 f5 15. Qb3 Kh7
16. Nd2 f4 17. Nce4 Rf7 18. Nf3 Qf5 19. gxf4 Raf8 20. Bg2 Bxg2 21. Kxg2 exf4
22. Bxg7 Rxg7 23. h3 Ne5 24. Nxe5 dxe5 25. f3 Qh5 26. c5 Nf5 27. Qe6 Ne3+ 28.
Kh2 Qh4 29. Rg1 Rf5 30. Rg4 Nxg4+ 31. fxg4 Rff7 32. Rf1 Qe7 33. Qxe7 Rxe7 34.
h4 Rgf7 35. g5 Kg7 36. Kg2 Rd7 37. Kf3 Rd4 38. Rc1 Ra4 39. Rc3 Rf8 40. Nd2 hxg5
41. hxg5 Kf7 42. Nc4 Ke6 43. b6 axb6 44. cxb6 c6 45. Nd2 Rfa8 46. Nc4 Rh8 47.
Nb2 Rh3+ 48. Kf2 Ra6 49. Rb3 e4 50. Rb4 e3+ 51. Kg2 Rg3+ 52. Kh2 Kf5 53. Ra4
Rxa4 54. Nxa4 f3 0-1

[Event "USCL Carolina vs Philadelphia"]
[Site "Internet Chess Club"]
[Date "2008.10.29"]
[Round "10"]
[White "Milman, Lev"]
[Black "Kudrin, Sergey"]
[Result "1/2-1/2"]
[WhiteElo "2502"]
[BlackElo "2600"]
[PlyCount "85"]
[EventDate "2008.??.??"]

1. e4 c5 2. Nf3 Nc6 3. d4 cxd4 4. Nxd4 g6 5. Nc3 Bg7 6. Be3 Nf6 7. Bc4 Qa5 8.
O-O O-O 9. Bb3 d6 10. h3 Bd7 11. f4 Rfc8 12. Nf3 Be8 13. Qe1 Nd7 14. f5 Nce5
15. Qh4 Nxf3+ 16. Rxf3 Rxc3 17. bxc3 Qxc3 18. Raf1 Bf6 19. Bg5 Qe5 20. fxg6
hxg6 21. Rg3 Bxg5 22. Rxg5 Qg7 23. Qg3 Ne5 24. h4 Kh7 25. Qc3 f6 26. Rg3 Bc6
27. Bd5 Rc8 28. Qe3 Bxd5 29. exd5 b6 30. Qa3 Rc7 31. Rc3 Rxc3 32. Qxc3 Qh6 33.
g3 Kg7 34. Re1 Qh5 35. Kg2 Kf7 36. Qe3 Qg4 37. Qf4 Qc8 38. Re2 Qc5 39. Rd2 Nc4
40. Rd3 Ne5 41. Rd2 Nc4 42. Rd3 Ne5 43. Rd2 1/2-1/2

[Event "USCL Boston vs Queens"]
[Site "Internet Chess Club"]
[Date "2008.10.29"]
[Round "10"]
[White "Esserman, Marc"]
[Black "Lenderman, Alex"]
[Result "1/2-1/2"]
[WhiteElo "2307"]
[BlackElo "2528"]
[PlyCount "67"]
[EventDate "2008.??.??"]

1. e4 c6 2. d4 d5 3. e5 c5 4. c4 Nc6 5. dxc5 d4 6. Nf3 Bg4 7. Be2 e6 8. O-O
Bxc5 9. Re1 Nge7 10. Bf4 Qb6 11. Bf1 Ng6 12. Bg3 Bxf3 13. gxf3 h5 14. h4 Be7
15. Bd3 Nxh4 16. Nd2 Kf8 17. Rc1 g6 18. c5 Qd8 19. Ne4 Nf5 20. Bh2 Nb4 21. Nd6
Nxd3 22. Qxd3 Qc7 23. Qe4 Rb8 24. Red1 Rg8 25. c6 bxc6 26. Rxc6 Qd7 27. Rdc1
Bd8 28. b3 Kg7 29. Kh1 Ne7 30. R6c4 Bb6 31. Bf4 Nd5 32. Bg5 Kh7 33. Qh4 f5 34.
Kg2 1/2-1/2

[Event "USCL Carolina vs Philadelphia"]
[Site "Internet Chess Club"]
[Date "2008.10.29"]
[Round "10"]
[White "Simpson, Ron"]
[Black "Shahade, Jennifer"]
[Result "1-0"]
[WhiteElo "2346"]
[BlackElo "2318"]
[PlyCount "87"]
[EventDate "2008.??.??"]

1. Nf3 c5 2. c4 g6 3. Nc3 Bg7 4. g3 Nc6 5. Bg2 Nh6 6. h4 d6 7. h5 Bg4 8. d3
gxh5 9. Ng5 Qd7 10. f3 Bf5 11. Rxh5 Bg6 12. Rh2 Nf5 13. Bh3 e6 14. Nge4 O-O-O
15. Bg5 Nce7 16. Nf6 Qc6 17. e4 h6 18. Nfd5 hxg5 19. exf5 Bxc3+ 20. bxc3 Nxf5
21. Bxf5 Rxh2 22. Ne7+ Kc7 23. Nxc6 Rh1+ 24. Kf2 Rxd1 25. Rxd1 Kxc6 26. Bxg6
fxg6 27. Re1 Rh8 28. Rxe6 Rh2+ 29. Ke3 Rxa2 30. Rxg6 a5 31. Rxg5 Rg2 32. g4 a4
33. Rg8 b5 34. Ra8 b4 35. cxb4 cxb4 36. Rxa4 b3 37. Rb4 b2 38. d4 Rc2 39. g5 d5
40. c5 Rg2 41. Kf4 Rd2 42. Rb6+ Kc7 43. Ke5 Re2+ 44. Kxd5 1-0

[Event "USCL Tennessee vs Baltimore"]
[Site "Internet Chess Club"]
[Date "2008.10.29"]
[Round "10"]
[White "Enkhbat, Tegshsuren"]
[Black "Andrews, Todd"]
[Result "1-0"]
[WhiteElo "2446"]
[BlackElo "2350"]
[PlyCount "77"]
[EventDate "2008.??.??"]

1. d4 Nf6 2. c4 c5 3. d5 b5 4. cxb5 a6 5. bxa6 g6 6. Nc3 Bxa6 7. g3 d6 8. Bg2
Bg7 9. Nf3 Nbd7 10. Rb1 Nb6 11. b3 Bc8 12. Nd2 Bf5 13. e4 Bc8 14. a4 Ba6 15.
Bf1 Bxf1 16. Kxf1 O-O 17. Kg2 Nfd7 18. Bb2 f5 19. Re1 Ne5 20. Nf3 Nxf3 21. Qxf3
c4 22. Nb5 Bxb2 23. Rxb2 cxb3 24. Nd4 fxe4 25. Qxe4 Rxa4 26. Qe6+ Kh8 27. Nc6
Qc7 28. Rxb3 Ra2 29. Rf3 Raa8 30. Rf7 Qd7 31. Nxe7 Qxe6 32. Rxf8+ Rxf8 33. Rxe6
Nc4 34. f4 Kg7 35. h4 Kf7 36. h5 Re8 37. Nxg6 hxg6 38. hxg6+ Kf8 39. g7+ 1-0

[Event "USCL Boston vs Queens"]
[Site "Internet Chess Club"]
[Date "2008.10.29"]
[Round "10"]
[White "Katz, Benjamin"]
[Black "Krasik, Ilya"]
[Result "0-1"]
[WhiteElo "2108"]
[BlackElo "2144"]
[PlyCount "62"]
[EventDate "2008.??.??"]

1. e4 c5 2. Nc3 Nc6 3. g3 g6 4. Bg2 Bg7 5. d3 d6 6. f4 e5 7. Nh3 Nge7 8. O-O
Rb8 9. a3 Nd4 10. Be3 Bd7 11. Qd2 f6 12. f5 gxf5 13. Bh6 O-O 14. Bxg7 Kxg7 15.
Nf2 Bc6 16. Nfd1 d5 17. exf5 Nexf5 18. Bh3 Ne7 19. Ne3 f5 20. Ng2 Ng6 21. Ne2
Bd7 22. Nxd4 cxd4 23. Rf2 Qb6 24. Raf1 Qxb2 25. Qg5 Qxa3 26. Bxf5 Bxf5 27. Nh4
Bh3 28. Nxg6 hxg6 29. Qxe5+ Kh6 30. Qxd4 Qe7 31. Rxf8 Rxf8 0-1

[Event "USCL Boston vs Queens"]
[Site "Internet Chess Club"]
[Date "2008.10.29"]
[Round "10"]
[White "Vovsha, Eli"]
[Black "Perelshteyn, Eugene"]
[Result "0-1"]
[WhiteElo "2532"]
[BlackElo "2615"]
[PlyCount "76"]
[EventDate "2008.??.??"]

1. e4 c5 2. Nf3 Nc6 3. d4 cxd4 4. Nxd4 g6 5. c4 Nf6 6. Nc3 Nxd4 7. Qxd4 d6 8.
Bg5 Bg7 9. Qd2 O-O 10. Bd3 Be6 11. O-O Nd7 12. Rac1 a5 13. b3 Nc5 14. Bb1 Re8
15. Be3 Bd7 16. f4 Bc6 17. f5 e6 18. Bd4 Bxd4+ 19. Qxd4 exf5 20. exf5 Qg5 21.
Rc2 Qe3+ 22. Qxe3 Rxe3 23. Nd1 Re5 24. Nc3 gxf5 25. Rcf2 Ne4 26. Nxe4 fxe4 27.
Rxf7 Rae8 28. Rc7 Rg5 29. g3 h5 30. Kf2 h4 31. Rg1 h3 32. Bc2 Rf5+ 33. Ke1 Ref8
34. Bd1 Rf2 35. Be2 Rxh2 36. Rf1 e3 37. Bg4 Rxf1+ 38. Kxf1 Rf2+ 0-1

[Event "USCL New York vs New Jersey"]
[Site "Internet Chess Club"]
[Date "2008.10.29"]
[Round "10"]
[White "Ng, Andrew"]
[Black "Herman, Matt"]
[Result "0-1"]
[WhiteElo "2175"]
[BlackElo "2271"]
[PlyCount "74"]
[EventDate "2008.??.??"]

1. e4 c5 2. Nf3 d6 3. d4 cxd4 4. Nxd4 Nf6 5. Nc3 a6 6. Bg5 e6 7. f4 Be7 8. Qf3
Qc7 9. O-O-O Nbd7 10. Bd3 h6 11. Bh4 g5 12. fxg5 Ne5 13. Qe2 Nfg4 14. h3 hxg5
15. Bg3 Nf6 16. Rhf1 Nh5 17. Bh2 Nf4 18. Qf2 Ng4 19. hxg4 Rxh2 20. Nde2 Qc5 21.
Qf3 Qe5 22. g3 Nxe2+ 23. Bxe2 Rh7 24. Na4 b5 25. Nb6 Rb8 26. Nd5 exd5 27. exd5
Qg7 28. Bd3 Rh6 29. Rde1 Rb7 30. Rf2 Kf8 31. Bf5 Bxf5 32. gxf5 Qd4 33. Rfe2 Bf6
34. c3 Qc4 35. Kb1 Kg7 36. Re8 b4 37. Rh1 bxc3 0-1

[Event "USCL Tennessee vs Baltimore"]
[Site "Internet Chess Club"]
[Date "2008.10.29"]
[Round "10"]
[White "Kahn, Aaron"]
[Black "Larson, Gerald"]
[Result "0-1"]
[WhiteElo "2291"]
[BlackElo "2120"]
[PlyCount "86"]
[EventDate "2008.??.??"]

1. d4 f5 2. Bg5 g6 3. e3 Bg7 4. h4 h6 5. Bf4 d6 6. Nf3 Nf6 7. Bc4 e6 8. Nc3 Qe7
9. Qe2 Nc6 10. d5 exd5 11. Bxd5 Nxd5 12. Nxd5 Qf7 13. e4 O-O 14. O-O-O fxe4 15.
Qxe4 Bf5 16. Qc4 Be6 17. Be3 a5 18. a3 a4 19. Rd2 Ra5 20. Rhd1 Kh7 21. h5 g5
22. Bxg5 Kh8 23. Bh4 Rc5 24. Qe4 Bf5 25. Qxa4 Qxh5 26. Ne3 Qf7 27. Kb1 Bh7 28.
Rd5 Bg8 29. Qb3 Qd7 30. Rxc5 Bxb3 31. cxb3 Qe6 32. Rcd5 Qe4+ 33. Ka2 Rxf3 34.
gxf3 Qxh4 35. R1d2 Ne5 36. Rc2 Nxf3 37. Rxc7 Qxf2 38. Nc4 Ne5 39. Rd2 Qf4 40.
Rg2 Ng4 41. Nxd6 Qxd6 42. Rc8+ Kh7 43. Rxg4 Qd2 0-1

[Event "USCL Dallas vs Chicago"]
[Site "Internet Chess Club"]
[Date "2008.10.29"]
[Round "10"]
[White "Zaremba, Andrei"]
[Black "Young, Angelo"]
[Result "1/2-1/2"]
[WhiteElo "2366"]
[BlackElo "2356"]
[PlyCount "54"]
[EventDate "2008.??.??"]

1. d4 e6 2. Nf3 b6 3. g3 Bb7 4. Bg2 c5 5. O-O Nf6 6. c4 cxd4 7. Qxd4 Bc5 8. Qh4
Be7 9. Qd4 Nc6 10. Qf4 Rc8 11. Nc3 d6 12. Rd1 a6 13. b3 Qc7 14. Ba3 Rd8 15.
Rac1 Nb8 16. Na4 O-O 17. Qd4 Ne4 18. Qxb6 Qc8 19. Nd2 Nd7 20. Qe3 Nxd2 21. Rxd2
Bxg2 22. Kxg2 Ne5 23. f4 Qb7+ 24. Kg1 Ng4 25. Qf3 Qa7+ 26. Kh1 f5 27. e4 Qb7
1/2-1/2

[Event "USCL Miami vs San Francisco"]
[Site "Internet Chess Club"]
[Date "2008.10.29"]
[Round "10"]
[White "Perea, Osmany"]
[Black "Zilberstein, Dmitry"]
[Result "1-0"]
[WhiteElo "2453"]
[BlackElo "2426"]
[PlyCount "115"]
[EventDate "2008.??.??"]

1. d4 Nf6 2. c4 g6 3. Nf3 Bg7 4. g3 O-O 5. Bg2 d6 6. Nc3 c6 7. O-O Qb6 8. h3
Qa6 9. b3 b5 10. Nd2 bxc4 11. Nxc4 Be6 12. Nd2 Nbd7 13. Bb2 Rab8 14. Nf3 Nb6
15. e4 c5 16. Qd2 cxd4 17. Nxd4 Bd7 18. Nd5 e6 19. Nxf6+ Bxf6 20. Nc6 Bxb2 21.
Nxb8 Qa3 22. Nxd7 Nxd7 23. Rad1 Nb6 24. Qxd6 Qxa2 25. Qb4 Ba3 26. Qb5 Qb2 27.
h4 Rc8 28. Rd3 Bc5 29. Qa6 Qc2 30. Rf3 Rc7 31. Qd3 Qxd3 32. Rxd3 Bb4 33. Rfd1
Rc2 34. e5 Kg7 35. Kf1 h6 36. Be4 Rb2 37. Rf3 a5 38. Bc6 Rc2 39. Be8 Rc7 40.
Rd6 Bxd6 41. exd6 Rc1+ 42. Ke2 Rc2+ 43. Kd3 Rc8 44. Rxf7+ Kg8 45. Re7 Kf8 46.
Bxg6 Rd8 47. Rxe6 Nc8 48. Kd4 Nxd6 49. Kc5 Nc8 50. Be4 Kg7 51. Rg6+ Kf7 52.
Rxh6 Ne7 53. Ra6 Rd2 54. f3 Rb2 55. Kc4 Ra2 56. h5 Ra1 57. h6 Rh1 58. h7 1-0

[Event "USCL Dallas vs Chicago"]
[Site "Internet Chess Club"]
[Date "2008.10.29"]
[Round "10"]
[White "Pasalic, Mehmed"]
[Black "Bartholomew, John"]
[Result "1-0"]
[WhiteElo "2375"]
[BlackElo "2488"]
[PlyCount "75"]
[EventDate "2008.??.??"]

1. e4 d5 2. exd5 Qxd5 3. Nc3 Qa5 4. g3 Nf6 5. Bg2 g6 6. Nge2 Bg7 7. O-O O-O 8.
d3 c5 9. Bf4 Nc6 10. a3 Qd8 11. Re1 e5 12. Bg5 h6 13. Be3 Nd4 14. h3 Bd7 15.
Kh2 Qc8 16. Ne4 Nxe4 17. dxe4 Ba4 18. b3 Bc6 19. c3 Ne6 20. c4 Rd8 21. Qc1 Kh7
22. Nc3 Nd4 23. Rb1 Qe6 24. Nd5 Rac8 25. f4 Bxd5 26. exd5 Qd6 27. Qd2 Nf5 28.
b4 exf4 29. Bxf4 Qd7 30. Qd3 cxb4 31. axb4 b6 32. h4 Qa4 33. h5 a5 34. bxa5
bxa5 35. Re4 Qa2 36. Rb7 Re8 37. Rxf7 Rxe4 38. Qxe4 1-0

[Event "USCL Arizona vs Seattle"]
[Site "Internet Chess Club"]
[Date "2008.10.29"]
[Round "10"]
[White "Lee, Michael"]
[Black "Harper, Warren"]
[Result "0-1"]
[WhiteElo "2314"]
[BlackElo "2351"]
[PlyCount "80"]
[EventDate "2008.??.??"]

1. c4 e5 2. Nc3 Nc6 3. g3 f5 4. Bg2 Nf6 5. d3 Bb4 6. Bd2 O-O 7. a3 Bxc3 8. Bxc3
d6 9. b4 f4 10. Nf3 Qe8 11. b5 Ne7 12. Qc2 Nf5 13. Nd2 Ng4 14. Bf3 h5 15. Ne4
Qg6 16. a4 c6 17. gxf4 Nh4 18. O-O-O Rxf4 19. Rdg1 d5 20. Nd2 Qd6 21. Bxg4 hxg4
22. Qb2 d4 23. Bb4 c5 24. Ba3 Bf5 25. Nb3 Rxf2 26. Nxc5 Qh6+ 27. Kb1 b6 28. Ne4
Bxe4 29. dxe4 Qe3 30. Re1 Qxe4+ 31. Ka1 Ng2 32. Qb1 Qxb1+ 33. Rxb1 Rxe2 34. Rb2
d3 35. Bb4 Rd8 36. Rd2 e4 37. Kb2 Rxd2+ 38. Bxd2 e3 39. Bb4 d2 40. Kc2 Ne1+ 0-1

[Event "USCL Miami vs San Francisco"]
[Site "Internet Chess Club"]
[Date "2008.10.29"]
[Round "10"]
[White "Young, Gregory"]
[Black "Prilleltensky, Matan"]
[Result "1/2-1/2"]
[WhiteElo "2232"]
[BlackElo "2116"]
[PlyCount "90"]
[EventDate "2008.??.??"]

1. e4 e6 2. d4 d5 3. Nd2 dxe4 4. Nxe4 Bd7 5. Nf3 Bc6 6. Bd3 Nd7 7. O-O Ngf6 8.
Ng3 Be7 9. Re1 Bxf3 10. Qxf3 c6 11. Bd2 O-O 12. c4 Re8 13. Bc3 Qc7 14. Rad1
Rad8 15. b3 Nf8 16. Bb1 Ng6 17. Re3 b5 18. Nh5 Nh4 19. Qe2 g6 20. Ng3 bxc4 21.
bxc4 Qf4 22. Bc2 Rc8 23. Ne4 Qc7 24. Rh3 Nf5 25. Qd2 Nxe4 26. Bxe4 Bf8 27. d5
cxd5 28. cxd5 Qc4 29. Bxf5 exf5 30. Rd3 Red8 31. Bf6 Rd6 32. Be5 Rd7 33. Rc3
Qa6 34. Rxc8 Qxc8 35. Rb1 Qc5 36. Rd1 Qb6 37. Bb2 Bg7 38. Ba3 Qa6 39. Qb4 h5
40. Qb3 Rb7 41. Qe3 Qa4 42. Qd3 Rc7 43. Re1 Rc3 44. Qd2 Qxa3 45. d6 Rd3 1/2-1/2

[Event "USCL Arizona vs Seattle"]
[Site "Internet Chess Club"]
[Date "2008.10.29"]
[Round "10"]
[White "Adamson, Robby"]
[Black "Rohonyan, Katerina"]
[Result "1-0"]
[WhiteElo "2377"]
[BlackElo "2336"]
[PlyCount "163"]
[EventDate "2008.??.??"]

1. e4 c5 2. Nf3 Nc6 3. d4 cxd4 4. Nxd4 e5 5. Nb5 d6 6. N1c3 a6 7. Na3 Be7 8.
Nc4 b5 9. Ne3 Nf6 10. g3 O-O 11. Bg2 b4 12. Ncd5 Nxd5 13. Nxd5 Bg5 14. Bxg5
Qxg5 15. a3 Rb8 16. axb4 Nxb4 17. Ne3 Qd8 18. O-O Nc6 19. b3 Nd4 20. Qd3 Bb7
21. Rfd1 Rc8 22. Rd2 Qc7 23. Nf5 Nxf5 24. exf5 d5 25. f6 e4 26. Qd4 Qc3 27.
fxg7 Rfe8 28. Ra4 Re7 29. Bf1 Qxd4 30. Raxd4 Rc3 31. Rb4 Rd7 32. Rxe4 Kxg7 33.
Red4 Re7 34. Bd3 Rc6 35. Rd1 h6 36. Rg4+ Kf8 37. Rd4 Rf6 38. Kf1 Kg7 39. Re1
Ree6 40. Rg4+ Kf8 41. Rb4 Rb6 42. Rxb6 Rxb6 43. f4 Rb4 44. Kf2 h5 45. Ra1 Rb6
46. Ke3 h4 47. g4 h3 48. Rg1 Rh6 49. Kd4 Ke7 50. Rg3 Kd6 51. Bf1 Rh4 52. Ke3 f5
53. Be2 fxg4 54. Bxg4 d4+ 55. Kxd4 Bg2 56. Bf3 Rxf4+ 57. Ke3 Rh4 58. Bxg2 hxg2
59. Rxg2 Ke5 60. Rg5+ Kd6 61. Rg6+ Kc5 62. Rxa6 Rxh2 63. Kd3 Rh3+ 64. Kd2 Rh2+
65. Kc3 Rh3+ 66. Kb2 Kb4 67. Rf6 Rh2 68. Rf4+ Kb5 69. Rf5+ Kb4 70. Rf4+ Kb5 71.
Re4 Rg2 72. Rd4 Kc5 73. Rd3 Kb4 74. Rd8 Rh2 75. Rb8+ Kc5 76. Ka3 Kd4 77. Rc8
Rh7 78. Rc4+ Ke3 79. b4 Rb7 80. Kb3 Kd2 81. Rd4+ Ke3 82. Rd8 1-0